|
|
|
|
| LEADER |
01133nam a2200289 a 4500 |
| 001 |
4037125 |
| 008 |
110716s1998 inua 001 0 eng d |
| 010 |
|
|
|a 98084640
|
| 020 |
|
|
|a 817635175X
|
| 020 |
|
|
|a 0672312786 (pbk.)
|
| 040 |
|
|
|a NJQ
|c NJQ
|d DLC
|c BD-DhAAL
|
| 082 |
0 |
0 |
|a 005.75/85
|2 21
|
| 100 |
1 |
|
|a Visser, Susan M.
|
| 245 |
1 |
0 |
|a Sams teach yourself DB2 Universal Database in 21 days /
|c Susan M. Visser.
|
| 246 |
3 |
0 |
|a Teach yourself DB2 Universal Database in 21 days
|
| 246 |
3 |
|
|a DB two Universal Database in 21 days
|
| 246 |
1 |
8 |
|a DB2 Universal Database
|
| 260 |
|
|
|a Indianapolis, IN :
|b Sams Pub. ;
|a New Delhi :
|b Tech media
|c 1998.
|
| 300 |
|
|
|a xvi, 501 p. :
|b ill. ;
|c 24 cm.
|
| 538 |
|
|
|a System requirements for accompanying computer disc: Windows 95; Windows NT 4.0.
|
| 500 |
|
|
|a Includes index.
|
| 541 |
1 |
|
|e 00010638
|
| 630 |
0 |
0 |
|a IBM Database 2.
|
| 650 |
|
0 |
|a Relational databases.
|
| 852 |
4 |
|
|a Ayesha Abed Library
|c General shelf
|
| 999 |
|
|
|c 11107
|d 11107
|
| 952 |
|
|
|0 0
|1 0
|4 0
|6 005_758500000000000_VIS
|7 0
|9 17491
|a BRACUL
|b BRACUL
|c GEN
|d 2011-07-17
|l 0
|o 005.7585 VIS
|p 3010010638
|r 2011-07-17
|t 1
|w 2011-07-17
|y BK
|x Available
|